5 plus grandes villes : Canada - Statistiques

Statistiques générales
  • Ce quiz a été pris 700 fois
  • Le résultat moyen est 4 sur 5
Statistiques - réponses
Classement Ville au Canada % Correct
2 Montréal
97%
1 Toronto
96%
4 Ottawa
86%
3 Calgary
62%
5 Edmonton
53%
Aucun quiz correspondant
Distribution des résultats
% des personnes avec chaque résultat
Percentile par nombre de réponses
Votre historique - résultats
Vous n’avez pas pris ce quiz